000 00479nam a2200193Ia 4500
005 20260122095525.0
008 260121s9999||||xx |||||||||||||| ||und||
020 _a9781493988549
082 _a610.28
_bHAS
100 _aHasirci, Vasif
245 0 _aFundamentals of biomaterials /
260 _aNew York :
_bSpringer,
_c2018.
300 _axxii, 338 p.; hb
650 _aBiomaterials
650 _aCeramics
650 _aSolids
700 _aHasicri, Nesrin
942 _cTB
999 _c48634
_d48634